CSS vows to fight for country role in proposed planning reforms (Record no. 69243)
[ view plain ]
| 000 -LEADER | |
|---|---|
| fixed length control field | 01099cam a2200241 4500 |
| 001 - CONTROL NUMBER | |
| control field | ABS64936 |
| 008 - FIXED-LENGTH DATA ELEMENTS--GENERAL INFORMATION | |
| fixed length control field | 020110n2001 000 0 eng u |
| 035 ## - SYSTEM CONTROL NUMBER | |
| System control number | (Sirsi) u116224 |
| 100 ## - MAIN ENTRY--PERSONAL NAME | |
| Personal name | Baker, L. |
| 245 ## - TITLE STATEMENT | |
| Title | CSS vows to fight for country role in proposed planning reforms |
| 260 ## - PUBLICATION, DISTRIBUTION, ETC. | |
| Date of publication, distribution, etc. | 2001 |
| 490 ## - SERIES STATEMENT | |
| Series statement | Surveyor |
| Volume/sequential designation | 188(5661) 13 December 2001, 3(1) |
| 520 ## - SUMMARY, ETC. | |
| Summary, etc. | Government proposals to abolish the country tier by scrapping structure and unitary development plans have come under attack from senior planning and transportation directors. The idea is to give regional bodies sole responsibility for strategic planning. However the CSS and council network feel that Steven Byers' aims of making planning more streamlined and locally based would be strengthened by giving counties a spatial planning role. |
| 590 ## - LOCAL NOTE (RLIN) | |
| Local note | ABS |
| 650 ## - SUBJECT ADDED ENTRY--TOPICAL TERM | |
| Topical term or geographic name entry element | PLANNING SYSTEM |
| 650 ## - SUBJECT ADDED ENTRY--TOPICAL TERM | |
| Topical term or geographic name entry element | PLANNING REFORM |
| 650 ## - SUBJECT ADDED ENTRY--TOPICAL TERM | |
| Topical term or geographic name entry element | STRATEGIC PLANNING |
| 650 ## - SUBJECT ADDED ENTRY--TOPICAL TERM | |
| Topical term or geographic name entry element | DEVELOPMENT PLANS |
| 650 ## - SUBJECT ADDED ENTRY--TOPICAL TERM | |
| Topical term or geographic name entry element | CBI |
| 650 ## - SUBJECT ADDED ENTRY--TOPICAL TERM | |
| Topical term or geographic name entry element | GREEN PAPER |
| 690 ## - LOCAL SUBJECT ADDED ENTRY--TOPICAL TERM (OCLC, RLIN) | |
| Topical term or geographic name as entry element | ENVIRONMENTAL AND LAND CONSULTANCY-PLANNING AND DEVELOPMENT |
| 942 ## - ADDED ENTRY ELEMENTS (KOHA) | |
| Suppress in OPAC | 0 |
| Withdrawn status | Lost status | Source of classification or shelving scheme | Damaged status | Not for loan | Home library | Current library | Shelving location | Date acquired | Total Checkouts | Full call number | Barcode | Date last seen | Copy number | Price effective from | Koha item type |
|---|---|---|---|---|---|---|---|---|---|---|---|---|---|---|---|
| Dewey Decimal Classification | London | London | Journal article | 10/01/2002 | ABS64936 | 116224-1001 | 06/08/2019 | 1 | 06/08/2019 | Journal article |